header

Cruise ship blues (Record no. 49700)

MARC details
000 -LEADER
fixed length control field 01142nam a2200301Ia 4500
082 04 - DEWEY DECIMAL CLASSIFICATION NUMBER
Classification number 387.5/42
100 1# - MAIN ENTRY--AUTHOR NAME
Personal name Klein, Ross A.
245 10 - TITLE STATEMENT
Title Cruise ship blues
260 ## - PUBLICATION, DISTRIBUTION, ETC. (IMPRINT)
Place of publication Gabriola, B.C. :
Name of publisher New Society Publishers,
Year of publication c2002.
300 ## - PHYSICAL DESCRIPTION
Number of Pages vi, 200 p. :
Other physical details port.
650 #0 - SUBJECT ADDED ENTRY--TOPICAL TERM
Topical Term Cruise lines.
Topical Term Ocean travel.
856 40 - ELECTRONIC LOCATION AND ACCESS
Uniform Resource Identifier http://site.ebrary.com/lib/rucke/Doc?id=10085545

No items available.

© 2026 Rongo University
Contact us: librarian | system librarian | Rongo university